| 000 | 00762nam a22002417a 4500 | ||
|---|---|---|---|
| 005 | 20230131071921.0 | ||
| 008 | 230131b |||||||| |||| 00| 0 eng d | ||
| 020 | _a978-0-316-23175-6 | ||
| 082 | _aFic. P317 2013 | ||
| 100 |
_aPatterson, James _eauthor |
||
| 245 |
_aMiddle school: _bhow to survived bullies, broccoli, and snake hill / _cJames Patterson, Chris Febbetts; illustrated by Laura Park |
||
| 250 | _a1st ed. | ||
| 260 |
_aNew York: _bLittle Brown, _cc2013 |
||
| 300 |
_a[329]p.: _bill. |
||
| 541 | _e5166 | ||
| 650 | _aCamps - Fiction | ||
| 650 | _aFriendship - Fiction | ||
| 650 | _aPopularity - Fiction | ||
| 650 | _aBullies - Fiction | ||
| 650 | _aHumorous fiction | ||
| 700 |
_aFebbetts, Chris _eauthor |
||
| 700 |
_aPark, Laura _eillustrator |
||
| 999 |
_c788 _d788 |
||